[Event "SR 1. liga zapad 2014/2015"]
[Site "?"]
[Date "2014.11.29"]
[Round "3.1"]
[White "Mikusik, Marian"]
[Black "Sebensky, Martin"]
[Result "0-1"]
[WhiteElo "2110"]
[BlackElo "1995"]
[PlyCount "80"]
[EventDate "2014.??.??"]

1. d4 Nf6 2. c4 g6 3. Nc3 d5 4. cxd5 Nxd5 5. e4 Nxc3 6. bxc3 Bg7 7. Qa4+ Nd7 8.
Nf3 O-O 9. Be2 c5 10. O-O a6 11. Qa3 Qc7 12. Bg5 Re8 13. Rab1 b6 14. Qc1 Bb7
15. Qe3 Rac8 16. e5 cxd4 17. cxd4 Qc3 18. e6 Qxe3 19. exf7+ Kxf7 20. fxe3 Kg8
21. Rfd1 h6 22. Bf4 g5 23. Bg3 Rc3 24. Bd3 Rxd3 25. Rxd3 Be4 26. Rbd1 Bxd3 27.
Rxd3 Rc8 28. e4 Nf6 29. Nd2 Rc1+ 30. Kf2 Rc2 31. e5 Nd5 32. a3 h5 33. Kf3 g4+
34. Ke4 e6 35. Be1 Bh6 36. Rg3 Bxd2 37. Bxd2 Rxd2 38. h3 Kf7 39. hxg4 hxg4 40.
Rxg4 Re2+ 0-1

[Event "SR 1. liga zapad 2014/2015"]
[Site "?"]
[Date "2014.11.29"]
[Round "3.1"]
[White "Joba, Arpad"]
[Black "Skrabakova, Katarina"]
[Result "0-1"]
[WhiteElo "1887"]
[BlackElo "2010"]
[PlyCount "54"]
[EventDate "2014.??.??"]

1. e4 c5 2. Nf3 d6 3. d4 cxd4 4. Nxd4 Nf6 5. Nc3 a6 6. g3 e5 7. Nb3 Be6 8. Bg2
Be7 9. O-O O-O 10. Bg5 Nbd7 11. h3 Nb6 12. Nd2 Qd7 13. Bxf6 Bxf6 14. Kh2 Rfd8
15. Nd5 Nxd5 16. exd5 Bf5 17. Be4 Bxh3 18. Bxh7+ Kh8 19. Ne4 Bxf1 20. Qxf1 Kxh7
21. Qd3 Kg8 22. Kg2 Kf8 23. Rh1 Ke7 24. Nxf6 gxf6 25. Rh7 Rh8 26. Rg7 Qh3+ 27.
Kf3 f5 0-1

[Event "SR 1. liga zapad 2014/2015"]
[Site "?"]
[Date "2014.11.29"]
[Round "3.1"]
[White "Capak, Stefan"]
[Black "Viczencz, Peter"]
[Result "1-0"]
[WhiteElo "2063"]
[BlackElo "1864"]
[PlyCount "65"]
[EventDate "2014.??.??"]

1. d4 c5 2. e3 e6 3. Nf3 d5 4. c4 Nf6 5. Nc3 Nc6 6. Be2 dxc4 7. Bxc4 Be7 8. O-O
O-O 9. dxc5 Bxc5 10. Qe2 a6 11. a3 b5 12. Bd3 Bb7 13. b4 Bb6 14. Bb2 Qe7 15.
Rfd1 Rac8 16. Rd2 Rfd8 17. Rad1 Na7 18. h3 Nd5 19. Nb1 a5 20. Bxb5 axb4 21.
axb4 Qxb4 22. Bd3 Qe7 23. Ba6 Ba5 24. Bxb7 Qxb7 25. Rc2 Rxc2 26. Qxc2 Rc8 27.
Qa4 Qb5 28. Qd4 f6 29. Qxa7 Qxb2 30. Qxa5 Rc1 31. Qe1 Rc2 32. Nd4 Nxe3 33. Qxe3
1-0

[Event "SR 1. liga zapad 2014/2015"]
[Site "?"]
[Date "2014.11.29"]
[Round "3.2"]
[White "Sipos, Istvan"]
[Black "Veres, Andrej"]
[Result "1-0"]
[WhiteElo "2491"]
[BlackElo "2179"]
[PlyCount "75"]
[EventDate "2014.??.??"]

1. c4 e5 2. Nc3 d6 3. Nf3 f5 4. g3 Nf6 5. d4 e4 6. Nh4 Be7 7. Bh3 g6 8. Bg5 c6
9. O-O Na6 10. f3 exf3 11. exf3 O-O 12. Re1 Re8 13. Ng2 Bd7 14. Nf4 Nc7 15. Qd2
Kf7 16. Bf1 Ng8 17. Bxe7 Rxe7 18. c5 d5 19. Nd3 Rxe1 20. Rxe1 Ne6 21. b4 Kg7
22. Ne5 Ng5 23. Qf4 Ne6 24. Qe3 Nf8 25. b5 Qf6 26. bxc6 bxc6 27. Rb1 Be8 28.
Rb7+ Kh8 29. Ba6 Ne6 30. Ne2 g5 31. f4 gxf4 32. Nxf4 Nxf4 33. Qxf4 Qh6 34. Qxf5
Bg6 35. Nxg6+ Qxg6 36. Qe5+ Nf6 37. Bd3 Qh6 38. Rxh7+ 1-0

[Event "SR 1. liga zapad 2014/2015"]
[Site "?"]
[Date "2014.11.29"]
[Round "3.2"]
[White "Borik, Juraj"]
[Black "Berczes, Csaba"]
[Result "0-1"]
[WhiteElo "2188"]
[BlackElo "2357"]
[PlyCount "110"]
[EventDate "2014.??.??"]

1. d4 {0} Nf6 2. c4 e6 3. Nf3 b6 4. g3 Bb7 5. Bg2 Bb4+ 6. Bd2 Be7 7. Nc3 d5 8.
cxd5 exd5 9. O-O O-O 10. Bf4 Na6 11. Qa4 c6 12. Ne5 b5 13. Qb3 Nc7 14. e4 a6
15. Rac1 Rc8 16. exd5 cxd5 17. a4 b4 18. Na2 Ne6 19. Rxc8 Qxc8 20. Be3 a5 21.
f4 h6 22. Rc1 Qa8 23. Bh3 Rc8 24. Qd3 Ba6 25. Qf5 Rxc1+ 26. Nxc1 Bc8 27. Qc2
Bd8 28. Bf5 Bb6 29. Nb3 Nc7 30. g4 Bxf5 31. Qxf5 Qe8 32. g5 hxg5 33. fxg5 Nh7
34. h4 Nf8 35. h5 Qe6 36. Qf4 Nd7 37. Kh2 Nxe5 38. dxe5 Bxe3 39. Qxe3 Qg4 40.
Nd4 Ne6 41. Nxe6 Qxh5+ 42. Kg3 fxe6 43. Kf2 Qh2+ 44. Kf1 Qxb2 45. Qb6 Qxe5 46.
Qxa5 Qf4+ 47. Ke2 Qc4+ 48. Ke3 d4+ 49. Kf4 Kh7 50. Ke4 b3 51. Qe1 d3+ 52. Kf3
b2 53. a5 Qd5+ 54. Kg4 Qf5+ 55. Kh4 d2 0-1

[Event "SR 1. liga zapad 2014/2015"]
[Site "?"]
[Date "2014.11.29"]
[Round "3.2"]
[White "Farkas, Gabor"]
[Black "Podoba, Milan"]
[Result "1-0"]
[WhiteElo "2346"]
[BlackElo "2131"]
[PlyCount "59"]
[EventDate "2014.??.??"]

1. e4 e6 2. d4 d5 3. Nc3 Nf6 4. Bg5 Bb4 5. e5 h6 6. Be3 Bxc3+ 7. bxc3 Ne4 8.
Qg4 Kf8 9. Bd3 h5 10. Qf3 Bd7 11. Nh3 Qh4 12. Nf4 Qg4 13. Bxe4 dxe4 14. Qxe4
Bc6 15. h3 Qxh3 16. Rxh3 Bxe4 17. Kd2 g6 18. f3 Bc6 19. c4 Na6 20. g4 b6 21.
gxh5 gxh5 22. Kc3 Ke7 23. Rah1 Rag8 24. Nxh5 Rg2 25. Nf4 Rxh3 26. Rxh3 Rg8 27.
Bc1 Nb8 28. Ba3+ Ke8 29. d5 Bd7 30. Nh5 1-0

[Event "SR 1. liga zapad 2014/2015"]
[Site "?"]
[Date "2014.11.29"]
[Round "3.2"]
[White "Bombek, Peter"]
[Black "Janko, Michal"]
[Result "1-0"]
[WhiteElo "2156"]
[BlackElo "2280"]
[PlyCount "99"]
[EventDate "2014.??.??"]

1. Nf3 f5 2. e4 fxe4 3. Ng5 Nc6 4. d3 e3 5. Bxe3 e5 6. Be2 Be7 7. Bh5+ g6 8.
Nxh7 Kf7 9. Qf3+ Kg7 10. Qg3 Qe8 11. Bf3 Kxh7 12. Nc3 Bb4 13. h4 Nf6 14. h5 Kg7
15. O-O-O Bxc3 16. bxc3 d6 17. hxg6 Bf5 18. Bh6+ Kg8 19. Bg5 Kg7 20. Bxf6+ Kxf6
21. g7 Rh7 22. Rxh7 Bxh7 23. Rh1 Bg6 24. Rh8 Kxg7 25. Rxe8 Rxe8 26. Be4 Re6 27.
Qg4 Nd8 28. Bxb7 Rf6 29. Be4 Ne6 30. f3 Kf7 31. Bd5 Ke7 32. Bxe6 Rxe6 33. Qa4
d5 34. Qxa7 Rc6 35. Kd2 e4 36. Qd4 exf3 37. gxf3 Bf7 38. a4 Kd7 39. c4 Rd6 40.
c5 Ra6 41. Qb4 Kc8 42. a5 Be8 43. Kc3 Bd7 44. Kd4 Bc6 45. f4 Kd7 46. Qe1 Ra8
47. f5 Re8 48. Qg3 Re7 49. f6 Rf7 50. Qg4+ 1-0

[Event "SR 1. liga zapad 2014/2015"]
[Site "?"]
[Date "2014.11.29"]
[Round "3.2"]
[White "Janko, Ladislav"]
[Black "Sukuba, Zdeno"]
[Result "1-0"]
[WhiteElo "2169"]
[BlackElo "2096"]
[PlyCount "78"]
[EventDate "2014.??.??"]

1. e4 c6 2. d4 d5 3. e5 Bf5 4. Nc3 e6 5. g4 Bg6 6. Nge2 c5 7. Be3 Nc6 8. Qd2 a6
9. h4 h5 10. Nf4 Nge7 11. gxh5 Bxc2 12. Qxc2 cxd4 13. O-O-O dxc3 14. Qxc3 Qc7
15. Kb1 Qxe5 16. Qd2 Nf5 17. Nd3 Qe4 18. Rh3 Rxh5 19. Be2 Rxh4 20. Rxh4 Nxh4
21. Ka1 d4 22. Bf4 e5 23. Bg3 Nf5 24. Bh2 Qd5 25. Bg4 g6 26. Bxf5 gxf5 27. Nxe5
Bb4 28. Qf4 Bd6 29. Qxf5 Bxe5 30. Re1 f6 31. f4 Nb4 32. b3 Nc2+ 33. Qxc2 d3+
34. Qc3 d2 35. fxe5 d1=Q+ 36. Rxd1 Qxd1+ 37. Kb2 Qe2+ 38. Ka3 Qxh2 39. Qc4 Qh7
1-0

[Event "SR 1. liga zapad 2014/2015"]
[Site "?"]
[Date "2014.11.29"]
[Round "3.2"]
[White "Pupak, Tomas"]
[Black "Takacs, Laszlo"]
[Result "1-0"]
[WhiteElo "2022"]
[BlackElo "2110"]
[PlyCount "105"]
[EventDate "2014.??.??"]

1. Nf3 Nf6 2. g3 g6 3. c4 Bg7 4. Bg2 d6 5. Nc3 O-O 6. O-O e5 7. d3 Nc6 8. Rb1
a5 9. a3 Re8 10. Nd2 Be6 11. b4 axb4 12. axb4 Qc8 13. b5 Ne7 14. b6 c6 15. Nde4
Nxe4 16. Nxe4 Qd7 17. Ng5 Ra2 18. Nxe6 Qxe6 19. Qb3 Rea8 20. Bb2 R2a6 21. Bc1
d5 22. cxd5 Nxd5 23. Be3 Qd6 24. Bxd5 cxd5 25. Rfc1 Ra3 26. Qb5 d4 27. Bd2 Ra2
28. Bb4 Qe6 29. Rc7 Rxe2 30. Re7 Qf6 31. Re8+ Bf8 32. Rf1 Ra1 33. Rxf8+ Kg7 34.
Rg8+ Kh6 35. Bf8+ Kh5 36. f4 Raa2 37. Qd5 Qf5 38. Rh8 Rg2+ 39. Qxg2 Rxg2+ 40.
Kxg2 Qxd3 41. Rxh7+ Kg4 42. h3+ Kf5 43. fxe5+ Kxe5 44. Rhxf7 Qe4+ 45. Kh2 Kd5
46. Rxb7 Qe2+ 47. Kg1 Qe3+ 48. Kg2 Qe4+ 49. Rf3 Kc6 50. Re7 Qc2+ 51. Rf2 Qb3
52. b7 Kd5 53. Bh6 1-0

[Event "SR 1. liga zapad 2014/2015"]
[Site "?"]
[Date "2014.11.29"]
[Round "3.2"]
[White "Balogh, Peter"]
[Black "Prasek, Ivan"]
[Result "0-1"]
[WhiteElo "2028"]
[BlackElo "2042"]
[PlyCount "116"]
[EventDate "2014.??.??"]

1. e4 e5 2. Nf3 Nc6 3. Bc4 Nf6 4. d4 exd4 5. O-O Nxe4 6. Re1 d5 7. Bxd5 Qxd5 8.
Nc3 Qh5 9. Nxe4 Be6 10. Bg5 Bb4 11. c3 dxc3 12. bxc3 Ba5 13. Qc2 O-O 14. Rab1
Rfe8 15. Qa4 Bb6 16. c4 f5 17. Ned2 Nd4 18. c5 Bxc5 19. Nxd4 Bxd4 20. Nf3 Bb6
21. Re5 Qf7 22. Rbe1 Bd7 23. Qc2 Rxe5 24. Nxe5 Re8 25. Qd2 Qe6 26. h3 Ba4 27.
Bf4 Qd6 28. Qe2 Qd4 29. Bd2 Bc6 30. Kh2 h6 31. f4 Qe4 32. Qf1 Qd5 33. Bc3 Bb5
34. Rd1 Bxf1 35. Rxd5 Re7 36. g4 fxg4 37. hxg4 Be3 38. Kg3 g5 39. f5 Bf4+ 40.
Kf2 Bxe5 41. Bxe5 Bc4 42. Rc5 c6 43. Bb8 Bxa2 44. Bxa7 b5 45. Bb8 Bd5 46. Rc1
b4 47. Bd6 Re4 48. Ra1 Rxg4 49. Ra7 Re4 50. f6 Bf7 51. Be7 Kh7 52. Rc7 Rc4 53.
Bf8 Kg6 54. Ke3 Kxf6 55. Bxh6 b3 56. Kd3 Bd5 57. Ra7 Rc2 58. Rb7 Rh2 0-1

[Event "SR 1. liga zapad 2014/2015"]
[Site "?"]
[Date "2014.11.29"]
[Round "3.2"]
[White "Kutny, Marian"]
[Black "Dvorsky, Jozef"]
[Result "0-1"]
[WhiteElo "1938"]
[BlackElo "2018"]
[PlyCount "110"]
[EventDate "2014.??.??"]

1. e4 c5 2. Nf3 Nc6 3. d4 cxd4 4. Nxd4 e5 5. Nb5 a6 6. Nd6+ Bxd6 7. Qxd6 Qf6 8.
Qxf6 Nxf6 9. Bd3 d5 10. exd5 Nb4 11. Nc3 Nxd3+ 12. cxd3 Bf5 13. O-O O-O-O 14.
Bg5 Bxd3 15. Rfe1 Rhe8 16. Rad1 Bf5 17. Bxf6 gxf6 18. Ne4 Bxe4 19. Rxe4 Rd6 20.
Rh4 Rh8 21. g3 Kd7 22. Kg2 Rb6 23. b3 h6 24. Kf3 f5 25. Rc1 Rc8 26. Rxc8 Kxc8
27. g4 fxg4+ 28. Ke4 Rf6 29. Kxe5 Rxf2 30. Rxh6 Kd7 31. Rb6 Kc7 32. Rf6 Rxh2
33. Rxf7+ Kb6 34. Rg7 Rxa2 35. Rxg4 Re2+ 36. Kd6 a5 37. Kd7 Re3 38. b4 a4 39.
d6 a3 40. Rg5 a2 41. Ra5 Re2 42. Kd8 Kc6 43. d7 Rd2 44. Rc5+ Kb6 45. Rc1 Kb5
46. Kc8 Kxb4 47. d8=Q Rxd8+ 48. Kxd8 b5 49. Kc7 Ka3 50. Kc6 b4 51. Kc5 b3 52.
Kc4 b2 53. Rc3+ Ka4 54. Rb3 b1=Q 55. Rb8 Qxb8 0-1

[Event "SR 1. liga zapad 2014/2015"]
[Site "?"]
[Date "2014.11.29"]
[Round "3.3"]
[White "Dobrotka, Martin"]
[Black "Schwarz, Dusan"]
[Result "1/2-1/2"]
[WhiteElo "2189"]
[BlackElo "2339"]
[PlyCount "105"]
[EventDate "2014.??.??"]

1. d4 d5 2. c4 c6 3. e3 Nf6 4. Nf3 Bf5 5. Nc3 e6 6. cxd5 exd5 7. Bd3 Bxd3 8.
Qxd3 Nbd7 9. O-O Be7 10. Rb1 a5 11. a3 O-O 12. Rd1 Re8 13. Bd2 Bd6 14. Be1 Qe7
15. Nd2 Nf8 16. Nf1 Ng6 17. Rbc1 Qe6 18. f3 Nd7 19. Bf2 f5 20. Re1 Nf6 21. Bg3
Bxg3 22. hxg3 Re7 23. Ne2 Nd7 24. Nf4 Nxf4 25. gxf4 g6 26. Rc2 Qd6 27. Qb3 Nf8
28. Rec1 Kg7 29. Rc3 Ne6 30. Qc2 Nc7 31. Rb3 Ne8 32. Rc3 Qd8 33. Qf2 Nd6 34. a4
Nc4 35. b3 Nb6 36. R1c2 Nd7 37. Rc1 Nb8 38. Qh4 Na6 39. R1c2 Nb4 40. Rd2 Qd6
41. g4 fxg4 42. fxg4 Rae8 43. Rh2 Kh8 44. Rh3 b6 45. Nh2 g5 46. Qxg5 Rg7 47.
Rh6 Re6 48. Rxe6 Qxe6 49. Qe5 Qg6 50. Qb8+ Rg8 51. Qe5+ Rg7 52. Qb8+ Rg8 53.
Qe5+ 1/2-1/2

[Event "SR 1. liga zapad 2014/2015"]
[Site "?"]
[Date "2014.11.29"]
[Round "3.3"]
[White "Federic, Jozef"]
[Black "Hanko, Pavol"]
[Result "0-1"]
[WhiteElo "2305"]
[BlackElo "2133"]
[PlyCount "52"]
[EventDate "2014.??.??"]

1. d4 Nf6 2. Nf3 g6 3. g3 Bg7 4. Bg2 O-O 5. O-O d6 6. c4 Nc6 7. Nc3 a6 8. h3
Rb8 9. Be3 Na5 10. b3 b5 11. cxb5 axb5 12. Rc1 b4 13. Na4 Bd7 14. Nd2 Bb5 15.
Re1 c6 16. Nc4 Nd5 17. Bxd5 cxd5 18. Ncb2 Qd7 19. Kg2 Qe6 20. Qd2 Bd7 21. g4 f5
22. f3 fxg4 23. hxg4 h5 24. gxh5 Qh3+ 25. Kg1 Qg3+ 26. Kh1 Rf5 0-1

[Event "SR 1. liga zapad 2014/2015"]
[Site "?"]
[Date "2014.11.29"]
[Round "3.3"]
[White "Lakatos, Vladimir"]
[Black "Kleman, Miroslav"]
[Result "1/2-1/2"]
[WhiteElo "2121"]
[BlackElo "2231"]
[PlyCount "50"]
[EventDate "2014.??.??"]

1. c4 e5 2. Nc3 d5 3. Nxd5 Nf6 4. Nxf6+ Qxf6 5. e3 Nc6 6. Ne2 Bc5 7. Nc3 Bf5 8.
Nd5 Qd6 9. a3 a5 10. d3 O-O 11. e4 Be6 12. Be3 Nd4 13. Rb1 a4 14. Be2 c6 15.
Nc3 b5 16. O-O Rab8 17. Bg4 Rfd8 18. Bxe6 Nxe6 19. Bxc5 Qxc5 20. cxb5 Nf4 21.
Nxa4 Qxb5 22. Nc3 Qc5 23. Qc2 Qe7 24. Rbd1 Rd6 25. Ne2 Qf6 1/2-1/2

[Event "SR 1. liga zapad 2014/2015"]
[Site "?"]
[Date "2014.11.29"]
[Round "3.3"]
[White "Banas, Kamil"]
[Black "Detko, Jan"]
[Result "1-0"]
[WhiteElo "2213"]
[BlackElo "2165"]
[PlyCount "63"]
[EventDate "2014.??.??"]

1. e4 e6 2. d4 d5 3. Nc3 Nf6 4. e5 Nfd7 5. f4 c5 6. Nf3 Nc6 7. Be3 cxd4 8. Nxd4
Bc5 9. Qd2 a6 10. O-O-O Nxd4 11. Bxd4 Bxd4 12. Qxd4 Qc7 13. h4 O-O 14. h5 h6
15. g4 f6 16. exf6 Rxf6 17. f5 Nb6 18. Bg2 exf5 19. Bxd5+ Kh8 20. Rdf1 Nxd5 21.
Nxd5 Qd8 22. g5 Rd6 23. gxh6 Qg5+ 24. Kb1 Qxh6 25. Qe5 Bd7 26. Nf4 Bc6 27. Rhg1
Rad8 28. Qxf5 b5 29. b3 a5 30. Rg6 Rxg6 31. Nxg6+ Kg8 32. Qf8+ 1-0

[Event "SR 1. liga zapad 2014/2015"]
[Site "?"]
[Date "2014.11.29"]
[Round "3.3"]
[White "Gunis, Juraj"]
[Black "Klemanic, Emil"]
[Result "1-0"]
[WhiteElo "2034"]
[BlackElo "2160"]
[PlyCount "75"]
[EventDate "2014.??.??"]

1. Nf3 Nf6 2. c4 g6 3. d4 Bg7 4. Nc3 d6 5. e4 O-O 6. Be2 Bg4 7. Be3 Nfd7 8. Qd2
Nc6 9. d5 Nce5 10. Nxe5 Nxe5 11. f3 Bc8 12. Bh6 Bxh6 13. Qxh6 c6 14. h4 f6 15.
g4 Qb6 16. O-O-O Bd7 17. Qd2 a5 18. Rdg1 Qc5 19. Na4 Qa7 20. f4 Nf7 21. Nc3 Kg7
22. g5 fxg5 23. hxg5 Rh8 24. Bg4 Bxg4 25. Rxg4 Rag8 26. Ne2 c5 27. Qc3+ Kf8 28.
e5 h5 29. gxh6 Rxh6 30. Rgh4 Rxh4 31. Rxh4 dxe5 32. fxe5 Qb8 33. e6 Nd6 34. Rh8
Ne4 35. Qh3 Qe5 36. Qh6+ Qg7 37. Qf4+ Nf6 38. Rh1 1-0

[Event "SR 1. liga zapad 2014/2015"]
[Site "?"]
[Date "2014.11.29"]
[Round "3.3"]
[White "Dugovic, Branislav"]
[Black "Reisel, Frantisek"]
[Result "0-1"]
[WhiteElo "2207"]
[BlackElo "1992"]
[PlyCount "84"]
[EventDate "2014.??.??"]

1. Nf3 d5 2. b3 Nf6 3. Bb2 Bf5 4. c4 e6 5. g3 Be7 6. Bg2 c6 7. O-O O-O 8. d3 h6
9. Nbd2 Nbd7 10. Qc2 Rc8 11. Rad1 Qc7 12. Rfe1 Rfd8 13. Qb1 Bh7 14. Qa1 Bf8 15.
Rc1 Qb6 16. a3 a5 17. Bc3 Qa6 18. b4 dxc4 19. Nxc4 axb4 20. axb4 Qxa1 21. Rxa1
Nd5 22. Bd2 Nxb4 23. Reb1 c5 24. Nfe5 Nxe5 25. Nxe5 f6 26. Nc4 b5 27. Na5 Nc2
28. Ra2 Nd4 29. Be3 b4 30. Bxd4 Rxd4 31. Rc1 Rd7 32. Rac2 Rb8 33. Nb3 Rc7 34.
Rc4 Ra7 35. Rb1 Rb5 36. Bc6 Rb6 37. Bf3 Bg6 38. Rb2 Bf7 39. Nxc5 e5 40. Rc1 b3
41. d4 exd4 42. Rbb1 b2 0-1

[Event "SR 1. liga zapad 2014/2015"]
[Site "?"]
[Date "2014.11.29"]
[Round "3.3"]
[White "Mikus, Teodor"]
[Black "Mydlarik, Martin"]
[Result "1/2-1/2"]
[WhiteElo "1895"]
[BlackElo "2138"]
[PlyCount "45"]
[EventDate "2014.??.??"]

1. e4 e6 2. d4 d5 3. e5 c5 4. c3 Nc6 5. Nf3 Qb6 6. Be2 cxd4 7. cxd4 Nge7 8. Nc3
Nf5 9. Bb5 Bd7 10. Bxc6 bxc6 11. O-O h5 12. Na4 Qb5 13. b3 Bc8 14. Qc2 Ba6 15.
Be3 Rc8 16. Rfd1 Nxe3 17. fxe3 c5 18. dxc5 Bxc5 19. Nxc5 Rxc5 20. Qd2 O-O 21.
Rac1 Rfc8 22. Rxc5 Qxc5 23. Kf2 1/2-1/2

[Event "SR 1. liga zapad 2014/2015"]
[Site "?"]
[Date "2014.11.29"]
[Round "3.3"]
[White "Horvath, Marek"]
[Black "Hoppan, Igor"]
[Result "1-0"]
[WhiteElo "1817"]
[BlackElo "1477"]
[PlyCount "65"]
[EventDate "2014.??.??"]

1. e4 e5 2. Nf3 Nc6 3. d4 exd4 4. Nxd4 Nxd4 5. Qxd4 d6 6. Bd3 Nf6 7. O-O Be7 8.
c4 c5 9. Qe3 Ng4 10. Qe2 Bf6 11. h3 Ne5 12. Bc2 Be6 13. Nd2 O-O 14. Rb1 Nc6 15.
Nf3 Nb4 16. Bb3 Re8 17. Bf4 Qc7 18. Rbd1 Bf5 19. Bxd6 Rxe4 20. Qxe4 Bxe4 21.
Bxc7 Bxf3 22. gxf3 Bxb2 23. Rd7 Bf6 24. Re1 h6 25. f4 Nc6 26. Ba4 Nd4 27. Kg2
Ne6 28. Be5 Re8 29. Bxf6 Nxf4+ 30. Kf1 Rxe1+ 31. Kxe1 gxf6 32. Rxb7 Nd3+ 33.
Kf1 1-0

[Event "SR 1. liga zapad 2014/2015"]
[Site "?"]
[Date "2014.11.29"]
[Round "3.4"]
[White "Maslik, Miroslav"]
[Black "Sosovicka, Juraj"]
[Result "1-0"]
[WhiteElo "2365"]
[BlackElo "2215"]
[PlyCount "89"]
[EventDate "2014.??.??"]

1. Nf3 Nf6 2. c4 e6 3. g3 d5 4. Bg2 c6 5. Qc2 Nbd7 6. d4 Be7 7. Nbd2 O-O 8. O-O
b6 9. e4 Bb7 10. e5 Ne8 11. cxd5 cxd5 12. Re1 Qc7 13. Qa4 Qc6 14. Qb3 Rc8 15.
Bf1 Nc7 16. Bd3 Ba6 17. Bb1 b5 18. Qd3 g6 19. Nf1 b4 20. Qe3 Nb5 21. Qh6 Rfe8
22. Ng5 Nf8 23. Be3 f5 24. exf6 Bxf6 25. Nf3 Nd6 26. Ne5 Qc7 27. Bf4 Qg7 28.
Qh3 Nc4 29. b3 Na3 30. Bh6 Qe7 31. Ne3 Nxb1 32. Raxb1 Bxe5 33. dxe5 Bd3 34.
Rbc1 Nd7 35. Rxc8 Rxc8 36. Bg5 Qe8 37. Ng4 Bf5 38. Nh6+ Kh8 39. Qh4 Qf8 40. Be7
Qg7 41. Bxb4 Be4 42. Qf4 Bf5 43. Rc1 Rxc1+ 44. Qxc1 Nb6 45. Qg5 1-0

[Event "SR 1. liga zapad 2014/2015"]
[Site "?"]
[Date "2014.11.29"]
[Round "3.4"]
[White "Petran, Peter"]
[Black "Gruca, Miroslav"]
[Result "1-0"]
[WhiteElo "2330"]
[BlackElo "2220"]
[PlyCount "105"]
[EventDate "2014.??.??"]

1. c4 e5 2. Nc3 Nc6 3. g3 Nf6 4. Bg2 Bb4 5. Nf3 d6 6. O-O O-O 7. Qc2 h6 8. a3
Bxc3 9. Qxc3 Be6 10. d3 Qd7 11. Rd1 Rae8 12. b4 b6 13. Bb2 Bh3 14. Bh1 Ng4 15.
d4 Qf5 16. dxe5 dxe5 17. e4 Qf6 18. Qe1 Qe6 19. Rac1 Rd8 20. Rd5 Rfe8 21. Rcd1
Ra8 22. Qe2 Qc8 23. Bg2 Bxg2 24. Kxg2 Ne7 25. R5d2 Ng6 26. Ne1 Nf6 27. Nc2 a5
28. b5 Nf8 29. f3 N8d7 30. Ne3 Nc5 31. Nd5 Nxd5 32. cxd5 Nb3 33. Rc2 Qd7 34. a4
Nc5 35. Rc4 f5 36. Rdc1 fxe4 37. fxe4 Qd8 38. Qe3 Rc8 39. Ba3 Nb7 40. Rc6 Qd7
41. h3 Nd8 42. R6c4 Nf7 43. Qc3 Ng5 44. g4 Qf7 45. Rf1 Qg6 46. Rf5 h5 47. Qe3
Nh7 48. Rxh5 Nf6 49. Rf5 Nxg4 50. hxg4 Qxg4+ 51. Kf2 g6 52. Qg5 Qxg5 53. Rxg5
1-0

[Event "SR 1. liga zapad 2014/2015"]
[Site "?"]
[Date "2014.11.29"]
[Round "3.4"]
[White "Jostic, Peter"]
[Black "Havlicek, Libor"]
[Result "0-1"]
[WhiteElo "2075"]
[BlackElo "2278"]
[PlyCount "64"]
[EventDate "2014.??.??"]

1. d4 Nf6 2. c4 c5 3. d5 b5 4. Bg5 Qb6 5. Qc2 Na6 6. Nd2 bxc4 7. e4 Nb4 8. Qc3
Nd3+ 9. Bxd3 cxd3 10. Ngf3 Ba6 11. O-O d6 12. Rfe1 h6 13. Bxf6 gxf6 14. a3 h5
15. Nh4 Bh6 16. Nc4 Bxc4 17. Qxc4 d2 18. Qa4+ Kf8 19. Rf1 Rb8 20. Nf5 Bf4 21.
Qc2 Qb3 22. Qb1 h4 23. Qd1 Qxd1 24. Rfxd1 e6 25. dxe6 fxe6 26. Nxd6 Bxd6 27.
Rxd2 Ke7 28. g3 hxg3 29. hxg3 a5 30. Rc1 Rhc8 31. Rc4 Be5 32. Rdc2 Rxb2 0-1

[Event "SR 1. liga zapad 2014/2015"]
[Site "?"]
[Date "2014.11.29"]
[Round "3.4"]
[White "Ruckschloss, Karol"]
[Black "Blazek, Milos"]
[Result "1-0"]
[WhiteElo "2207"]
[BlackElo "2035"]
[PlyCount "89"]
[EventDate "2014.??.??"]

1. c4 Nf6 2. d4 e6 3. Nf3 d5 4. e3 Nbd7 5. Bd3 c5 6. O-O Be7 7. Nc3 O-O 8. cxd5
exd5 9. b3 Re8 10. Bb2 cxd4 11. Nxd4 Nc5 12. Rc1 Nxd3 13. Qxd3 a6 14. Rfd1 g6
15. Nde2 Bg4 16. h3 Bxe2 17. Nxe2 Qd6 18. Nf4 Rac8 19. Qd4 Rxc1 20. Rxc1 Qd7
21. Rd1 Rd8 22. Qb6 Qc6 23. Qd4 Qd7 24. Qe5 Qd6 25. Rxd5 Qxe5 26. Rxd8+ Bxd8
27. Bxe5 Nd7 28. Bd4 f6 29. Kf1 Kf7 30. Ke2 Bc7 31. Nd5 Bd6 32. e4 Be5 33. Ke3
Ke6 34. f4 Bd6 35. Nc3 Ba3 36. g4 Bc1+ 37. Kf3 g5 38. f5+ Kf7 39. Nd5 Ba3 40.
b4 Bc1 41. Ke2 Ne5 42. Bxe5 fxe5 43. Kd3 Bf4 44. Kc4 Bd2 45. Kc5 1-0

[Event "SR 1. liga zapad 2014/2015"]
[Site "?"]
[Date "2014.11.29"]
[Round "3.4"]
[White "Velcko, Miroslav"]
[Black "Hacik, Radomir"]
[Result "0-1"]
[WhiteElo "2132"]
[BlackElo "2143"]
[PlyCount "62"]
[EventDate "2014.??.??"]

1. c4 e5 2. Nc3 Nc6 3. g3 g6 4. Bg2 Bg7 5. Nh3 Nge7 6. d3 O-O 7. O-O d6 8. Rb1
a5 9. a3 h6 10. b4 axb4 11. axb4 Be6 12. b5 Na5 13. f3 d5 14. cxd5 Nxd5 15.
Nxd5 Qxd5 16. Be3 Qd7 17. Nf2 f5 18. Qc2 Qf7 19. g4 Nb3 20. gxf5 gxf5 21. Kh1
Ra5 22. Bh3 Rxb5 23. Rg1 f4 24. Rxg7+ Kxg7 25. Rg1+ Kh8 26. Bxe6 Qxe6 27. Qxc7
Qf7 28. Bb6 Nd4 29. Qd6 Qf6 30. Qxf6+ Rxf6 31. Ne4 Rfxb6 0-1

[Event "SR 1. liga zapad 2014/2015"]
[Site "?"]
[Date "2014.11.29"]
[Round "3.4"]
[White "Kolcak, Marek"]
[Black "Masarik, Drahoslav"]
[Result "1-0"]
[WhiteElo "2121"]
[BlackElo "2022"]
[PlyCount "46"]
[EventDate "2014.??.??"]

1. e4 c5 2. Nf3 Nc6 3. d4 cxd4 4. Nxd4 Nf6 5. Nc3 e5 6. Ndb5 d6 7. Bg5 a6 8.
Na3 b5 9. Nd5 Be7 10. Bxf6 Bxf6 11. c4 b4 12. Nc2 Rb8 13. b3 O-O 14. g3 g6 15.
Bg2 Bg7 16. Qd2 a5 17. O-O Be6 18. Rad1 Rb7 19. Nce3 Rd7 20. f4 f5 21. exf5
exf4 22. gxf4 Bc3 23. Qf2 Bxd5 1-0

[Event "SR 1. liga zapad 2014/2015"]
[Site "?"]
[Date "2014.11.29"]
[Round "3.4"]
[White "Mrazik, Vladislav"]
[Black "Slapak, Zdenek"]
[Result "0-1"]
[WhiteElo "1826"]
[BlackElo "2091"]
[PlyCount "108"]
[EventDate "2014.??.??"]

1. d4 Nf6 2. c4 e6 3. Nc3 d5 4. cxd5 exd5 5. Bg5 Nbd7 6. e3 c6 7. Bd3 Be7 8.
Nge2 O-O 9. O-O Re8 10. Qc2 h6 11. Bh4 Ne4 12. Bxe7 Qxe7 13. Rae1 Ndf6 14. f3
Nxc3 15. Nxc3 Be6 16. a3 Rad8 17. Qf2 Qd7 18. Ne2 Bf5 19. Bxf5 Qxf5 20. Ng3 Qd7
21. Rd1 Re7 22. Rfe1 Rde8 23. Re2 g6 24. Rde1 h5 25. h4 Kg7 26. Kh1 a6 27. e4
dxe4 28. fxe4 Qg4 29. e5 Qxh4+ 30. Kg1 Qg5 31. exf6+ Qxf6 32. Qxf6+ Kxf6 33.
Rxe7 Rxe7 34. Rxe7 Kxe7 35. Kf2 Ke6 36. Ke3 f5 37. b3 h4 38. Ne2 g5 39. Ng1 a5
40. Nf3 Kf6 41. Ng1 Ke6 42. Nh3 Kf6 43. b4 a4 44. d5 cxd5 45. Kd4 f4 46. Kxd5
Kf5 47. Nf2 g4 48. Kd4 g3 49. Nh3 Kg4 50. Ng1 f3 51. gxf3+ Kf4 52. Kd3 g2 53.
Ke2 Kg3 54. f4 h3 0-1

[Event "SR 1. liga zapad 2014/2015"]
[Site "?"]
[Date "2014.11.29"]
[Round "3.4"]
[White "Cambel, Vladimir"]
[Black "Sopko, Rudolf"]
[Result "0-1"]
[WhiteElo "2041"]
[BlackElo "1839"]
[PlyCount "68"]
[EventDate "2014.??.??"]

1. Nf3 Nf6 2. c4 g6 3. g3 Bg7 4. Bg2 c6 5. O-O O-O 6. d4 d5 7. Nbd2 Na6 8. Ne5
Ng4 9. Nxg4 Bxg4 10. cxd5 cxd5 11. Nf3 Qb6 12. Ne5 Be6 13. b3 Nb4 14. Bb2 Rfc8
15. a3 Nc6 16. e3 Na5 17. b4 Nc4 18. Nxc4 Rxc4 19. Qe2 Rac8 20. Rac1 a5 21.
Rxc4 Rxc4 22. bxa5 Qxa5 23. Rc1 b5 24. Rxc4 bxc4 25. Bc1 Bf5 26. e4 dxe4 27.
Bxe4 Bxd4 28. Bxf5 Qxf5 29. Be3 Qb1+ 30. Kg2 Bxe3 31. Qxe3 Qb3 32. Kf1 c3 33.
Qxe7 Qd1+ 34. Qe1 c2 0-1

[Event "SR 1. liga zapad 2014/2015"]
[Site "?"]
[Date "2014.11.29"]
[Round "3.5"]
[White "Bezuch, Martin"]
[Black "Lanc, Alois"]
[Result "1/2-1/2"]
[WhiteElo "2237"]
[BlackElo "2344"]
[PlyCount "75"]
[EventDate "2014.??.??"]

1. Nf3 Nf6 2. g3 g6 3. Bg2 Bg7 4. O-O d6 5. d3 c5 6. e4 Nc6 7. Re1 O-O 8. c3 e5
9. a3 Nh5 10. Nbd2 Be6 11. b4 Qd7 12. Nf1 cxb4 13. axb4 d5 14. N3d2 b6 15. Qa4
Rac8 16. Bb2 f5 17. b5 Na5 18. exd5 Bxd5 19. Bxd5+ Qxd5 20. c4 Qxd3 21. Bxe5 f4
22. Bxg7 Nxg7 23. Ra3 Qd7 24. Re5 Qd4 25. Rd5 Qf6 26. Rf3 Ne6 27. Ne4 Qb2 28.
c5 fxg3 29. Rxf8+ Rxf8 30. hxg3 Nc7 31. Rd7 Nxb5 32. Qd1 Nc3 33. Nf6+ Rxf6 34.
Rd8+ Rf8 35. Rxf8+ Kxf8 36. Qd8+ Kg7 37. Qd7+ Kf6 38. Qd6+ 1/2-1/2